MARC details
| 000 -LEADER |
| campo de control de longitud fija |
01937cam a2200301 i 4500 |
| 001 - NÚMERO DE CONTROL |
| campo de control |
23129363 |
| 003 - IDENTIFICADOR DE NÚMERO DE CONTROL |
| campo de control |
CoMeUDC |
| 005 - FECHA Y HORA DE LA ÚLTIMA TRANSACCIÓN |
| campo de control |
20240520165816.0 |
| 008 - DATOS DE LONGITUD FIJA--INFORMACIÓN GENERAL |
| campo de control de longitud fija |
230515s2019 cr b 001 0 spa |
| 010 ## - NÚMERO DE CONTROL DE LA BIBLIOTECA DEL CONGRESO |
| Número de control de LC |
2023415288 |
| 020 ## - NÚMERO INTERNACIONAL ESTÁNDAR DEL LIBRO |
| Número Internacional Estándar del Libro |
9789968493574 |
| Información calificativa |
(v. 3) |
| 040 ## - FUENTE DE CATALOGACIÓN |
| Centro catalogador/agencia de origen |
DLC |
| Lengua de catalogación |
eng |
| Normas de descripción |
AARC |
| -- |
ISBD |
| Centro/agencia transcriptor |
CO-UdeC |
| Centro/agencia modificador |
CO-UdeC |
| 042 ## - CÓDIGO DE AUTENTICACIÓN |
| Código de autenticación |
pcc |
| 043 ## - CÓDIGO DE ÁREA GEOGRÁFICA |
| Código de área geográfica |
nccr--- |
| 082 ## - NÚMERO DE LA CLASIFICACIÓN DECIMAL DEWEY |
| Número de clasificación |
340.56 |
| Número de ítem |
T689 |
| 100 1# - ENTRADA PRINCIPAL--NOMBRE DE PERSONA |
| Nombre de persona |
Torrealba Navas, Federico, |
| Término indicativo de función/relación |
autor |
| 245 10 - MENCIÓN DEL TÍTULO |
| Título |
Principios Del Derecho Privado : |
| Resto del título |
Tomo 3, obligaciones / |
| Mención de responsabilidad, etc. |
Federico Torrealba Navas. |
| 264 #1 - PRODUCCIÓN, PUBLICACIÓN, DISTRIBUCIÓN, FABRICACIÓN Y COPYRIGHT |
| Producción, publicación, distribución, fabricación y copyright |
Costa Rica : |
| -- |
Buenos Aires : |
| Nombre del de productor, editor, distribuidor, fabricante |
Librería & Editorial Juricentro, |
| -- |
Editores Fondo Editorial, |
| Fecha de producción, publicación, distribución, fabricación o copyright |
2019. |
| 300 ## - DESCRIPCIÓN FÍSICA |
| Extensión |
366 p. ; |
| Dimensiones |
29 cm. |
| 490 0# - MENCIÓN DE SERIE |
| Mención de serie |
Principios del Derecho Privado. |
| 504 ## - NOTA DE BIBLIOGRAFÍA, ETC. |
| Nota de bibliografía, etc. Nota |
Incluye índice analítico. |
| 505 ## - NOTA DE CONTENIDO CON FORMATO |
| Nota de contenido con formato |
Capítulo 44. Los derechos personales, en general -- Capítulo 45. Las fuentes de las obligaciones -- Capítulo 46. Obligaciones, alternativas y facultativas -- Capítulo 47. Obligaciones divisibles e indivisibles -- Capítulo 48. Obligaciones solidarias y mancomunadas -- Capítulo 49. Otras clases de obligaciones -- Capítulo 50. La cesión de créditos -- Capítulo 51. La circulación de los títulos valores -- Capítulo 52. La circulación de los valores desmaterializados -- Capítulo 53. La subrogación personal -- Capítulo 54. El pago -- Capítulo 55. La compensación -- Capítulo 56. La novación -- Capítulo 57. La remisión -- Capítulo 58. La confusión -- Capítulo 59. La imposibilidad sobrevenida -- Capítulo 60. La prescripción negativa y la caducidad -- Capítulo 61. La responsabilidad civil -- Capítulo 62. Los daños indemnizables -- Capítulo 63. Los privilegios -- Capítulo 64. La protección del acreedor común -- Capítulo 65. Los concursos de acreedores |
| 546 ## - NOTA DE IDIOMA |
| Nota de lengua/lenguaje |
Español. |
| 650 #0 - PUNTO DE ACCESO ADICIONAL DE MATERIA--TÉRMINO DE MATERIA |
| Término de materia o nombre geográfico como elemento de entrada |
Derecho civil |
| 9 (RLIN) |
866 |
| 650 #0 - PUNTO DE ACCESO ADICIONAL DE MATERIA--TÉRMINO DE MATERIA |
| Término de materia o nombre geográfico como elemento de entrada |
Principios del derecho |
| 9 (RLIN) |
2512 |
| 650 #0 - PUNTO DE ACCESO ADICIONAL DE MATERIA--TÉRMINO DE MATERIA |
| Término de materia o nombre geográfico como elemento de entrada |
Obligaciones. |
| 9 (RLIN) |
1030 |
| 942 ## - ELEMENTOS DE ENTRADA SECUNDARIOS (KOHA) |
| Fuente del sistema de clasificación o colocación |
Clasificación Decimal Dewey |
| Tipo de ítem Koha |
Libros |